000 00537nam a2200157 i 4500
001 147773
003 ES-MaACL
005 20230906202240.0
007 t|
008 071005s1934 sp ||||1| spa d
100 1 _aUrquijo Landaluze, Pedro.
_9112209
245 1 0 _aMemoria de los trabajos realizados por la Estación de Fitopatología Agrícola de La Coruña
_b: años 1927-1933 /
_cPedro Urquijo Landaluze.
260 _aLa Coruña :
_b[s.n.],
_c1934 (
_fImp. Lombardero)
300 _a81 p. ;
_c24 cm.
852 _aES-MaACL
_j1807-F-8
999 _c147773
_d147773